| 000 | 00984cam a2200325 i 4500 | ||
|---|---|---|---|
| 999 |
_c200446526 _d64738 |
||
| 003 | TR-AnTOB | ||
| 005 | 20220727133655.0 | ||
| 007 | ta | ||
| 008 | 011120s2000 sz a i000 0 eng d | ||
| 020 | _a9291371505 | ||
| 035 | _a(OCoLC)48462057 | ||
| 040 |
_aUIU _beng _erda _cUIU _dUtOrBLW _dTR-AnTOB |
||
| 041 | 0 | _aeng | |
| 050 | 4 |
_bTS195.4 _a.P33 2000 |
|
| 088 | _aITC/P52.E/TSS/FASS/00-IX | ||
| 090 |
_aTS195.4 _b.P33 2000 |
||
| 245 | 0 | 0 |
_aPackaging design : _ba practitioner's manual. |
| 246 | 1 |
_iAt head of title: _aPackaging for exporting. |
|
| 264 | 1 |
_aGeneva : _bITC, _c2000. |
|
| 300 |
_a115 pages ; _c30 cm |
||
| 336 |
_atext _btxt _2rdacontent |
||
| 337 |
_aunmediated _bn _2rdamedia |
||
| 338 |
_avolume _bnc _2rdacarrier |
||
| 500 | _a"ITC/P52.E/TSS/FASS/00-IX"--Title page verso. | ||
| 650 | 0 |
_aPackaging _xDesign _978757 |
|
| 710 | 2 |
_aInternational Trade Centre UNCTAD/WTO _966159 |
|
| 942 |
_2lcc _cBK |
||